[Event "POL-chT 2nd League"]
[Site "Jastrzebia Gora"]
[Date "2023.09.07"]
[Round "6.114"]
[White "Trusz, Julia"]
[Black "Tarnowska, Aleksandra"]
[Result "1-0"]
[WhiteElo "1748"]
[BlackElo "1860"]
[PlyCount "99"]
[EventDate "2023.09.02"]
[EventType "team-swiss"]
[EventRounds "9"]
[EventCountry "POL"]
[SourceTitle "EXT 2024"]
[Source "ChessBase"]
[SourceDate "2023.10.10"]
[SourceVersion "1"]
[SourceVersionDate "2023.10.10"]
[SourceQuality "1"]
[WhiteTeam "Wroclaw Hetman"]
[BlackTeam "Zory Roszada"]
[WhiteTeamCountry "POL"]
[BlackTeamCountry "POL"]

1. d4 d5 2. Nf3 Nf6 3. c4 e6 4. g3 Bb4+ 5. Bd2 Be7 6. Bg2 0-0 7. 0-0 c6 8. Na3 Nbd7 9. Qc2 b6 10. Rfc1 Bb7 11. Qa4 a5 12. cxd5 exd5 13. Qd1 Ne4 14. Nc2 Ndf6 15. Ne3 c5 16. Nf5 Ng4 17. Nxe7+ Qxe7 18. Be1 Rfe8 19. h3 Ngf6 20. a4 Ba6 21. Ra3 Rac8 22. Re3 Qd6 23. dxc5 Nxc5 24. Rxe8+ Rxe8 25. Nd4 Qe7 26. b4 axb4 27. Bxb4 Nfe4 28. Qc2 Nxf2 29. Qd2 Nfe4 30. Qf4 h6 31. Nf5 Qf6 32. Bf3 Ne6 33. Ne7+ Rxe7 34. Qxf6 Nxf6 35. Bxe7 Ne4 36. Bxe4 dxe4 37. Kf2 Nd4 38. e3 Nf5 39. Bd8 b5 40. Rc6 Bb7 41. Rb6 Bc8 42. axb5 h5 43. Bg5 f6 44. Rb8 Ne7 45. Bf4 Kf7 46. Bd6 Nf5 47. Rxc8 Nxd6 48. b6 Ke6 49. Rc7 Nb5 50. b7 1-0

[Event "POL-chT 2nd League"]
[Site "Jastrzebia Gora"]
[Date "2023.09.06"]
[Round "5.96"]
[White "Pisarek, Elzbieta"]
[Black "Trusz, Julia"]
[Result "1/2-1/2"]
[WhiteElo "1779"]
[BlackElo "1748"]
[PlyCount "48"]
[EventDate "2023.09.02"]
[EventType "team-swiss"]
[EventRounds "9"]
[EventCountry "POL"]
[SourceTitle "EXT 2024"]
[Source "ChessBase"]
[SourceDate "2023.10.10"]
[SourceVersion "1"]
[SourceVersionDate "2023.10.10"]
[SourceQuality "1"]
[WhiteTeam "Gliwice Politechnika Slaska"]
[BlackTeam "Wroclaw Hetman"]
[WhiteTeamCountry "POL"]
[BlackTeamCountry "POL"]

1. e4 Nf6 2. e5 Nd5 3. d4 d6 4. c4 Nb6 5. exd6 exd6 6. h3 Nc6 7. Nf3 Be7 8. Nc3 0-0 9. Be2 Bf5 10. d5 Ne5 11. Nd4 Bg6 12. b3 h6 13. 0-0 Bf6 14. f4 Ned7 15. Be3 Nc5 16. f5 Bh7 17. Qd2 a5 18. Rad1 Nbd7 19. Kh1 Re8 20. Rde1 Bh4 21. Rd1 Bf6 22. Ndb5 Rc8 23. Rde1 Bh4 24. Rd1 Bf6 1/2-1/2

[Event "POL-ch Academic (Women)"]
[Site "Chorzow"]
[Date "2022.04.01"]
[Round "1"]
[White "Kiolbasa, Oliwia"]
[Black "Trusz, Julia"]
[Result "1-0"]
[WhiteElo "2243"]
[BlackElo "1497"]
[PlyCount "63"]
[EventDate "2022.04.01"]
[EventType "swiss (rapid)"]
[EventRounds "9"]
[EventCountry "POL"]
[SourceTitle "EXT 2024"]
[Source "ChessBase"]
[SourceDate "2023.10.10"]
[SourceVersion "1"]
[SourceVersionDate "2023.10.10"]
[SourceQuality "1"]

1. e4 Nf6 2. e5 Nd5 3. d4 d6 4. c4 Nb6 5. exd6 exd6 6. Bd3 Be7 7. h3 0-0 8. Ne2 Nc6 9. a3 Re8 10. 0-0 Bf6 11. Be3 d5 12. c5 Nd7 13. Nbc3 Nf8 14. b4 Ne6 15. Bc2 b6 16. Qd3 g6 17. Ba4 Qd7 18. Rad1 a6 19. Bb3 Ne7 20. Ng3 Bb7 21. f4 Ng7 22. Bf2 Nef5 23. Nxf5 Nxf5 24. g4 Ne7 25. Rfe1 a5 26. b5 bxc5 27. dxc5 c6 28. bxc6 Bxc6 29. Bd4 Bxd4+ 30. Qxd4 Rab8 31. Bc2 Rb2 32. Ne4 1-0

[Event "POL-chT 2nd League"]
[Site "Sypniewo"]
[Date "2021.09.05"]
[Round "2.11"]
[White "Lisowska, Olga"]
[Black "Trusz, Julia"]
[Result "0-1"]
[WhiteElo "1753"]
[BlackElo "1659"]
[PlyCount "91"]
[EventDate "2021.09.04"]
[EventType "team-swiss"]
[EventRounds "9"]
[EventCountry "POL"]
[SourceTitle "CBM 204 Extra"]
[Source "ChessBase"]
[SourceDate "2021.11.30"]
[SourceVersion "1"]
[SourceVersionDate "2021.11.30"]
[SourceQuality "1"]
[WhiteTeam "Legnica Miedz II"]
[BlackTeam "Radkow Giecek"]
[WhiteTeamCountry "POL"]
[BlackTeamCountry "POL"]

1. e4 c5 2. Nf3 e6 3. c3 d5 4. e5 d4 5. cxd4 cxd4 6. Bb5+ Bd7 7. Nxd4 Bxb5 8. Nxb5 Nc6 9. d4 a6 10. N5c3 Qxd4 11. 0-0 Qxd1 12. Rxd1 Nxe5 13. Bf4 Ng6 14. Bg3 Nf6 15. Nd2 Be7 16. Nde4 0-0 17. Nd6 Bxd6 18. Rxd6 Rfd8 19. Rad1 Rxd6 20. Rxd6 b5 21. Kf1 h6 22. f3 Ne7 23. Be5 Nfd5 24. Ne4 Nf5 25. Rc6 Nb4 26. Rc7 Ne3+ 27. Kf2 Ned5 28. Ke2 Nxc7 29. Bxc7 Rc8 30. Ba5 Nxa2 31. Kd2 Nc1 32. Bc3 Nb3+ 33. Kc2 Nc5 34. Nxc5 Rxc5 35. Kb3 Rc4 36. Bb4 e5 37. Bc3 f6 38. Bd2 f5 39. Be3 Kf7 40. g3 Ke6 41. Bf2 a5 42. h4 h5 43. Be1 a4+ 44. Ka2 Kd5 45. Kb1 e4 46. f4 0-1

[Event "POL-ch Academic (Women)"]
[Site "Chorzow"]
[Date "2021.05.14"]
[Round "1.5"]
[White "Dwilewicz, Katarzyna"]
[Black "Trusz, Julia"]
[Result "1-0"]
[WhiteElo "2092"]
[BlackElo "1699"]
[PlyCount "47"]
[EventDate "2021.05.14"]
[EventType "swiss (rapid)"]
[EventRounds "9"]
[EventCountry "POL"]
[SourceTitle "CBM 202 Extra"]
[Source "ChessBase"]
[SourceDate "2021.07.31"]
[SourceVersion "1"]
[SourceVersionDate "2021.07.31"]
[SourceQuality "1"]

1. e4 c5 2. Nf3 e6 3. d4 cxd4 4. Nxd4 Nc6 5. Nc3 a6 6. Bf4 d6 7. Nb3 Nf6 8. Be2 Be7 9. 0-0 0-0 10. Bf3 e5 11. Bg5 Be6 12. Qd2 Qc7 13. Rfd1 Rfd8 14. h3 b5 15. Be3 Rac8 16. Nd5 Bxd5 17. exd5 Nb8 18. c3 Nbd7 19. a4 Nb6 20. axb5 axb5 21. Na5 Nc4 22. Nxc4 Qxc4 23. Be2 Qb3 24. Ra3 1-0

[Event "POL-chT 2nd League"]
[Site "Poronin"]
[Date "2020.09.05"]
[Round "1.19"]
[White "Pastuszko, Kinga"]
[Black "Trusz, Julia"]
[Result "1-0"]
[WhiteElo "1978"]
[BlackElo "1675"]
[PlyCount "103"]
[EventDate "2020.09.05"]
[EventType "team-swiss"]
[EventRounds "9"]
[EventCountry "POL"]
[SourceTitle "CBM 198 Extra"]
[Source "ChessBase"]
[SourceDate "2020.11.30"]
[SourceVersion "1"]
[SourceVersionDate "2020.11.30"]
[SourceQuality "1"]
[WhiteTeam "Konin UKS Smecz"]
[BlackTeam "Radkow Giecek"]
[WhiteTeamCountry "POL"]
[BlackTeamCountry "POL"]

1. e4 c5 2. Nf3 e6 3. d4 cxd4 4. Nxd4 Nc6 5. Be3 a6 6. Bd3 Qc7 7. 0-0 Nf6 8. c3 d5 9. Nd2 Bd6 10. h3 0-0 11. f4 e5 12. Nxc6 Qxc6 13. fxe5 Bxe5 14. exd5 Qxd5 15. Nc4 Rd8 16. Nxe5 Qxe5 17. Bd4 Qg5 18. h4 Qh6 19. Bxf6 Qe3+ 20. Kh1 Rxd3 21. Bg5 Rxd1 22. Bxe3 Rxf1+ 23. Rxf1 Be6 24. b3 Rd8 25. Bd4 Rd7 26. Re1 h6 27. Kh2 Rd5 28. Re3 Rh5 29. Kg3 Ra5 30. Re2 Rd5 31. Re5 Rxe5 32. Bxe5 b5 33. Kf4 h5 34. Bd6 g6 35. Ke5 Kg7 36. Be7 Bc8 37. Bf6+ Kf8 38. Kd6 Bb7 39. g3 Be4 40. Kc5 Bb1 41. a3 Bf5 42. Kb6 Bc8 43. c4 bxc4 44. bxc4 Ke8 45. Kc7 Be6 46. c5 a5 47. a4 Bf5 48. c6 Be4 49. Kb7 Bd5 50. Bc3 Ke7 51. Bxa5 Kd6 52. Bb4+ 1-0

[Event "Rubinstein Memorial-A 54th"]
[Site "Polanica Zdroj"]
[Date "2018.08.26"]
[Round "9"]
[White "Dryja, Szymon"]
[Black "Trusz, Julia"]
[Result "1/2-1/2"]
[WhiteElo "1878"]
[BlackElo "1684"]
[PlyCount "84"]
[EventDate "2018.08.18"]
[EventType "swiss"]
[EventRounds "9"]
[EventCountry "POL"]
[SourceTitle "CBM 186 Extra"]
[Source "ChessBase"]
[SourceDate "2018.08.24"]
[SourceVersion "1"]
[SourceVersionDate "2018.08.24"]
[SourceQuality "1"]

1. Nf3 d5 2. b3 c5 3. Bb2 f6 4. e3 e5 5. d4 cxd4 6. exd4 e4 7. Nfd2 Nh6 8. c4 Be6 9. Nc3 Bb4 10. cxd5 Bxc3 11. Bxc3 Qxd5 12. Bc4 Qf5 13. 0-0 0-0 14. Re1 Bxc4 15. bxc4 Rd8 16. Qb1 b6 17. Nxe4 Qd7 18. d5 Ng4 19. h3 Ne5 20. Ng5 fxg5 21. Bxe5 Na6 22. Bd4 Rac8 23. Qb3 Nc5 24. Bxc5 Rxc5 25. Kf1 Rdc8 26. Re4 b5 27. Rae1 bxc4 28. Qc3 Qxd5 29. Kg1 Qd3 30. Qb2 R5c7 31. Qb5 h6 32. Qf5 Qd7 33. Qg6 Rf8 34. Re7 Qxe7 35. Rxe7 Rxe7 36. Qc6 Re1+ 37. Kh2 Rxf2 38. Qxc4+ Kh7 39. Qd3+ Kg8 40. Qd8+ Kh7 41. Qd3+ Kg8 42. Qd8+ Kh7 1/2-1/2

[Event "POL-ch U16 Girls"]
[Site "Szklarska Poreba"]
[Date "2016.03.18"]
[Round "7"]
[White "Trusz, Julia"]
[Black "Cieslak, Wiktoria"]
[Result "1/2-1/2"]
[WhiteElo "1653"]
[BlackElo "1904"]
[PlyCount "109"]
[EventDate "2016.03.13"]
[EventType "swiss"]
[EventRounds "9"]
[EventCountry "POL"]
[SourceTitle "EXT 2018"]
[Source "ChessBase"]
[SourceDate "2017.10.13"]
[SourceVersion "1"]
[SourceVersionDate "2017.10.13"]
[SourceQuality "1"]

1. e4 c5 2. Nf3 d6 3. d4 cxd4 4. Qxd4 a6 5. h3 Nf6 6. e5 Nc6 7. Qa4 dxe5 8. Nxe5 Qd5 9. Nxc6 Bd7 10. Qc4 Bxc6 11. Qxd5 Nxd5 12. c3 e5 13. Nd2 Rd8 14. Nc4 f6 15. Na5 Kd7 16. Be2 Bc5 17. 0-0 Rhe8 18. a3 Bb6 19. Nxc6 Kxc6 20. c4 Nc7 21. b4 Bd4 22. Rb1 Ne6 23. Bf3+ Kc7 24. Bd5 b5 25. Be3 bxc4 26. Bxc4 Kb6 27. Rfd1 Nc7 28. a4 Re7 29. Rd2 Red7 30. Rbd1 a5 31. bxa5+ Kxa5 32. Bb3 Na6 33. Bc4 Nc5 34. Bb5 Rd6 35. Bxd4 Rxd4 36. Rxd4 exd4 37. Kf1 Nxa4 38. Bxa4 Kxa4 39. Ke2 Kb5 40. Kd3 Ra8 41. Rc1 Ra2 42. Kxd4 Rxf2 43. Rg1 Kc6 44. Ke3 Ra2 45. Kf3 Kd6 46. Re1 Ra5 47. Kf4 Re5 48. Ra1 g5+ 49. Kf3 h5 50. Ra6+ Ke7 51. Ra7+ Ke6 52. Ra6+ Kf5 53. g4+ hxg4+ 54. hxg4+ Kg6 55. Rb6 1/2-1/2

[Event "POL-ch U16 Girls"]
[Site "Szklarska Poreba"]
[Date "2016.03.17"]
[Round "6"]
[White "Krzywnicka, Maria"]
[Black "Trusz, Julia"]
[Result "1/2-1/2"]
[WhiteElo "1646"]
[BlackElo "1653"]
[PlyCount "100"]
[EventDate "2016.03.13"]
[EventType "swiss"]
[EventRounds "9"]
[EventCountry "POL"]
[SourceTitle "EXT 2018"]
[Source "ChessBase"]
[SourceDate "2017.10.13"]
[SourceVersion "1"]
[SourceVersionDate "2017.10.13"]
[SourceQuality "1"]

1. e4 c5 2. Nc3 Nc6 3. g3 g6 4. Bg2 Bg7 5. d3 d6 6. Be3 Rb8 7. Qd2 b5 8. Nge2 Nd4 9. 0-0 e6 10. Nc1 b4 11. Nd1 Ba6 12. a3 bxa3 13. Rxa3 Qc8 14. c3 Nc6 15. f4 Nge7 16. e5 dxe5 17. Bxc5 Nf5 18. Qf2 exf4 19. Qxf4 Bb7 20. Qf2 a6 21. d4 Qd7 22. d5 Ne5 23. c4 Nxc4 24. dxe6 fxe6 25. Qf4 Bd4+ 26. Bxd4 Qxd4+ 27. Qxd4 Nxd4 28. Ra4 Bxg2 29. Kxg2 Nd2 30. Rxd4 Nxf1 31. Kxf1 Ke7 32. Rc4 Rbd8 33. Ke2 Rd7 34. Nd3 Rhd8 35. N1f2 Rd5 36. Rh4 h5 37. Ra4 a5 38. Rc4 R8d7 39. Rc8 e5 40. Ke3 R7d6 41. Rc7+ Kd8 42. Rc5 Ke7 43. Rxd5 Rxd5 44. Ne4 Rb5 45. Nec5 Kd6 46. Ne4+ Ke6 47. Nd2 Kd5 48. Ne4 Rb3 49. Nc3+ Kd6 50. Ke4 Rb8 1/2-1/2

[Event "POL-chT U19 46th"]
[Site "Ustron"]
[Date "2015.08.01"]
[Round "8.24"]
[White "Trusz, Julia"]
[Black "Kalinowska, Zuzanna"]
[Result "1/2-1/2"]
[WhiteElo "1510"]
[BlackElo "1913"]
[PlyCount "105"]
[EventDate "2015.07.25"]
[EventType "team-tourn"]
[EventRounds "9"]
[EventCountry "POL"]
[SourceTitle "EXT 2018"]
[Source "ChessBase"]
[SourceDate "2017.10.13"]
[SourceVersion "1"]
[SourceVersionDate "2017.10.13"]
[SourceQuality "1"]
[WhiteTeam "Opole Rodlo U19"]
[BlackTeam "Bialystok MUKS Stoczek 45 U19"]
[WhiteTeamCountry "POL"]
[BlackTeamCountry "POL"]

1. e4 e6 2. d4 d5 3. Nc3 Bb4 4. Bd3 dxe4 5. Bxe4 Nf6 6. Bf3 0-0 7. Nge2 c6 8. 0-0 Nbd7 9. Bf4 Nb6 10. Bg3 Nbd5 11. Ne4 Nxe4 12. Bxe4 Bd6 13. c3 Bxg3 14. Nxg3 Nf6 15. Bf3 Qc7 16. Qc2 Re8 17. Rfe1 Bd7 18. Re2 Rab8 19. Rd1 a5 20. Ne4 Nxe4 21. Qxe4 Red8 22. Red2 Be8 23. Qh4 Rd7 24. Be4 h6 25. Rd3 f5 26. Bf3 Rbd8 27. Re1 Bf7 28. Bh5 Rd6 29. Bxf7+ Qxf7 30. Rde3 Kh7 31. Re5 b6 32. Qf4 g5 33. Qe3 Re8 34. Qg3 Kg7 35. f4 Qg6 36. fxg5 hxg5 37. Kf2 Kf6 38. Qe3 Qh7 39. Qg3 Qg6 40. Kg1 Kf7 41. Rxa5 f4 42. Ra7+ Kf6 43. Qf3 e5 44. Qe4 Qxe4 45. Rxe4 Kf5 46. Rxe5+ Rxe5 47. dxe5 Kxe5 48. Re7+ Kf6 49. Re2 Rd1+ 50. Kf2 g4 51. Re1 Rd2+ 52. Re2 Rd1 53. Re1 1/2-1/2

[Event "POL-chT U19 46th"]
[Site "Ustron"]
[Date "2015.07.30"]
[Round "6.18"]
[White "Trusz, Julia"]
[Black "Kulpa, Zuzanna"]
[Result "1/2-1/2"]
[WhiteElo "1510"]
[BlackElo "1589"]
[PlyCount "90"]
[EventDate "2015.07.25"]
[EventType "team-tourn"]
[EventRounds "9"]
[EventCountry "POL"]
[SourceTitle "EXT 2018"]
[Source "ChessBase"]
[SourceDate "2017.10.13"]
[SourceVersion "1"]
[SourceVersionDate "2017.10.13"]
[SourceQuality "1"]
[WhiteTeam "Opole Rodlo U19"]
[BlackTeam "Katowice Hetman Szopienice U19"]
[WhiteTeamCountry "POL"]
[BlackTeamCountry "POL"]

1. e4 e5 2. Nf3 Nf6 3. Nxe5 d6 4. Nf3 Nxe4 5. c4 Nc6 6. Nc3 Nxc3 7. bxc3 Be7 8. d4 Bf5 9. Bd3 Qd7 10. 0-0 0-0 11. Bf4 Bf6 12. Qc2 Bxd3 13. Qxd3 Rfe8 14. Rfe1 Na5 15. Nd2 Qa4 16. Reb1 b6 17. Rb4 Qc6 18. Rb5 g6 19. Be3 a6 20. Rbb1 Bg7 21. Re1 Qa4 22. Reb1 Rad8 23. Rb4 Qd7 24. Re1 Re6 25. Nb1 Ree8 26. Na3 d5 27. c5 bxc5 28. dxc5 Nc6 29. Rbb1 Bxc3 30. Qxc3 d4 31. Bxd4 Nxd4 32. Qc4 Ne2+ 33. Kf1 Qd2 34. Nc2 Nc3 35. Rxe8+ Rxe8 36. Re1 Rxe1+ 37. Nxe1 Nd1 38. Qe2 Qxe2+ 39. Kxe2 Nc3+ 40. Kd3 Nxa2 41. Kc4 Nc1 42. Kb4 Kf8 43. Ka5 Nb3+ 44. Kb4 Nd4 45. Ka5 Nb3+ 1/2-1/2

[Event "POL-chT U19 46th"]
[Site "Ustron"]
[Date "2015.07.26"]
[Round "2.6"]
[White "Trusz, Julia"]
[Black "Swiech, Joanna"]
[Result "1/2-1/2"]
[WhiteElo "1510"]
[BlackElo "1798"]
[PlyCount "84"]
[EventDate "2015.07.25"]
[EventType "team-tourn"]
[EventRounds "9"]
[EventCountry "POL"]
[SourceTitle "EXT 2018"]
[Source "ChessBase"]
[SourceDate "2017.10.13"]
[SourceVersion "1"]
[SourceVersionDate "2017.10.13"]
[SourceQuality "1"]
[WhiteTeam "Opole Rodlo U19"]
[BlackTeam "Czarna LKSz GCKiP U19"]
[WhiteTeamCountry "POL"]
[BlackTeamCountry "POL"]

1. e4 e6 2. d4 d5 3. Nc3 Nf6 4. e5 Nfd7 5. f4 c5 6. Nf3 Nc6 7. Be3 c4 8. Qd2 Be7 9. g3 a6 10. Bh3 b5 11. Ne2 b4 12. 0-0 0-0 13. f5 exf5 14. Bxf5 Nb6 15. Bxc8 Rxc8 16. Bg5 a5 17. Bxe7 Qxe7 18. c3 Rb8 19. Rab1 Rb7 20. Nh4 g6 21. Rf6 Nd8 22. Nf4 Ne6 23. Nxe6 fxe6 24. Rbf1 Rxf6 25. Rxf6 Kg7 26. Qg5 Qe8 27. Qg4 Re7 28. Ng2 Nd7 29. Rf2 Rf7 30. Nf4 Rf5 31. Nh3 Rxf2 32. Kxf2 Nf8 33. Nf4 bxc3 34. bxc3 Qe7 35. Qe2 Qb7 36. Qc2 Qb5 37. Ke3 Kh8 38. Qf2 Kg8 39. Qc2 Kh8 40. Qf2 Kg8 41. Qc2 Kh8 42. Qf2 Kg8 1/2-1/2

[Event "POL Olympiad U14 Girls"]
[Site "Spala"]
[Date "2014.12.30"]
[Round "3.5"]
[White "Trusz, Julia"]
[Black "Kaczmarska, Joanna"]
[Result "0-1"]
[WhiteElo "1533"]
[BlackElo "1724"]
[PlyCount "46"]
[EventDate "2014.04.06"]
[EventType "swiss"]
[EventRounds "9"]
[EventCountry "POL"]
[SourceTitle "EXT 2023"]
[Source "ChessBase"]
[SourceDate "2022.10.05"]
[SourceVersion "1"]
[SourceVersionDate "2022.10.05"]
[SourceQuality "1"]

1. e4 e5 2. Nf3 Nc6 3. d4 exd4 4. Nxd4 Nf6 5. Nxc6 bxc6 6. Bd3 Bc5 7. 0-0 d6 8. c4 Bg4 9. Qc2 0-0 10. Bg5 h6 11. Bh4 g5 12. Bg3 Nh5 13. Nc3 Qf6 14. Rae1 Nf4 15. Bxf4 gxf4 16. Be2 h5 17. h3 Bxh3 18. gxh3 f3 19. Kh1 Qh4 20. Bxf3 Qxh3+ 21. Kg1 Kh8 22. Ne2 Rg8+ 23. Ng3 Rxg3+ 0-1